Statistics for Ultimate Star Wars Quiz

Click here to take the quiz!

General Stats

  • This quiz has been taken 11 times
  • The average score is 11 of 20

Answer Stats

QuestionAnswer% Correct
Who did Obi-Wan Kenobi cut in half in Episode 1?Darth Maul
100%
What is Yoda's rank in the Jedi Order?Grandmaster
100%
What planet was destroyed by the Death Star?Alderaan
88%
On what planet was the Jedi Temple located?Coruscant
88%
Who was Palpatine's apprentice before Vader?Count Dooku
88%
Who composed all of the Star Wars movies?John Williams
88%
What color was Rey's new lightsaber?Yellow/Blue/Green
88%
What is Luke Skywalker's Rebel Alliance callsign?Red 5
75%
What is the name of Chewbacca's blaster?Bowcaster
63%
What characters are in every single Star Wars movie?R2D2/C3P0
63%
What was the name of the clone captain under Anakin?Rex
63%
On what planet did Luke exile himself?Ach-To
50%
Who found Ashoka Tano and brought her to the Jedi Temple?Plo Koon
50%
On what planet do Jedi younglings find their kyber crystals?Ilum
38%
What type of Jedi uses green lightsabers?Consular
13%
What type of Jedi uses blue lightsabers?Guardian
13%
On what planet did Anakin find out he is the chosen one?Mortis
13%
What type of Jedi uses yellow lightsabers?Sentinel
13%
What is the name of Han Solo's blaster?DL-44
0%
What is the name of Obi-Wan's Jedi cruiser?The Negotiator
0%

Score Distribution

Percentile by Number Answered

Percent of People with Each Score

Your Score History

You have not taken this quiz